| 000 | 00552nam a22001937a 4500 | ||
|---|---|---|---|
| 005 | 20260216172100.0 | ||
| 008 | 260216b |||||||| |||| 00| 0 eng d | ||
| 020 | _a0-8351-1605-0 (pbk) | ||
| 040 | _cUE-CL | ||
| 082 |
_a895.1 _bX4 |
||
| 100 | _aXianyi Yang | ||
| 245 |
_aPoetry and prose of the ming and qing _c/ Yang Xianyi |
||
| 260 |
_aChina: _bPanda Books, _c1986 |
||
| 300 | _a350 P. | ||
| 505 | _a1 Liu Ji 2 Gao Qi 3 Gui Youguang 4 Tang Xianzu 5 Yuan Hongdao | ||
| 546 | _aEnglish | ||
| 650 | _aPoetry--Prose--Ming--Qing | ||
| 942 | _cBK | ||
| 999 |
_c25752 _d25751 |
||